Welcome to the Holygrace Academy Library

Please use search bar below to get started

TREASURE ISLAND (Record no. 7264)

MARC details
000 -LEADER
fixed length control field 00269nam a22001217a 4500
082 ## - DEWEY DECIMAL CLASSIFICATION NUMBER
Classification number 823
Item number ARA/T
100 ## - MAIN ENTRY--AUTHOR NAME
Personal name ARAVINDAKSHAN, V
245 ## - TITLE STATEMENT
Title TREASURE ISLAND
260 ## - PUBLICATION, DISTRIBUTION, ETC. (IMPRINT)
Place of publication CALICUT
Name of publisher UNIVERSITY PRESS
Year of publication 1995
300 ## - PHYSICAL DESCRIPTION
Number of Pages 136
650 ## - SUBJECT ADDED ENTRY--TOPICAL TERM
Topical Term ENGLISH STORY
Geographic subdivision INDIA
942 ## - ADDED ENTRY ELEMENTS (KOHA)
Koha item type Books
Holdings
Withdrawn status Lost status Collection code Home library Current library Date acquired Source of acquisition Cost, normal purchase price Full call number Accession Number Koha item type
Withdrawn Damaged Item Fiction Main Library Main Library 13/03/2002 purchase 17.00 823 ARA/T 00156 Books